00479nam a2200157Ia 45000010006000000050017000060080041000230410008000640820014000721000044000862450138001302600009002683000028002776500008003056540008003132118020260306172900.0260306t2009||||xx |||||||||||||| ||spa|| aESP a344JbG12 aEsquivel Oviedo, Juan Carlos (Dir)eAUT 0aJurisprudencia penal de la corte superior (2006-2008):búltimos precedentes en materia penal, procesal penal y de ejecución penal c2009 a702 páginas :c25 cm. aGEN aCDE